/ 3



Dushi Prajapati (Record no. 40026)

MARC details
000 -LEADER
fixed length control field 00193nam a22000977a 4500
100 ## - MAIN ENTRY--PERSONAL NAME
Personal name S. Chamebat
245 ## - TITLE STATEMENT
Title Dushi Prajapati
260 ## - PUBLICATION, DISTRIBUTION, ETC.
Place of publication Daniwala library
Year of publication 1968
300 ## - PHYSICAL DESCRIPTION
Number of Pages 78
942 ## - ADDED ENTRY ELEMENTS (KOHA)
Koha item type Books
Holdings
Accession Number Lost status Damaged status Price effective from Koha item type Not for loan Withdrawn status Home library Current library Shelving location Date acquired Source of acquisition Cost, normal purchase price
12150     01/09/2023 Books   Withdrawn RCL RCL General Stacks 01/09/2023 DDC 2.00

Find us on the map

Contact Us

RAMANUJAN COLLEGE UNIVERSITY OF DELHI, KALKAJI, NEW DELHI 110019
library@ramaanujan.du.ac.in
011-35002219
https://library.ramanujancollege.ac.in/
ramanujancollegelibrary
                                 
Customized & Maintained by Department of Library
Visitor Counter